ბათუმის შოთა რუსთაველის სახელმწიფო უნივერსიტეტის ბიბლიოთეკა

კრებული (ბიბ.ჩანაწერი № 41706)

000 -LEADER
fixed length control field 00552nam a2200205Ia 4500
001 - CONTROL NUMBER
control field 8383
003 - CONTROL NUMBER IDENTIFIER
control field GE_BSU
008 - FIXED-LENGTH DATA ELEMENTS--GENERAL INFORMATION
fixed length control field 181216s||||||||xx |||||||||||||| ||und||
040 ## - CATALOGING SOURCE
Transcribing agency GE_BSU
080 ## - UNIVERSAL DECIMAL CLASSIFICATION NUMBER
Universal Decimal Classification number 821.353.1-92
100 ## - MAIN ENTRY--PERSONAL NAME
Personal name ეკალაძე,ია
245 ## - TITLE STATEMENT
Title კრებული
245 ## - TITLE STATEMENT
Statement of responsibility, etc. რედ.გ.ნატროშვილი
260 ## - PUBLICATION, DISTRIBUTION, ETC.
Place of publication, distribution, etc. თბილისი
260 ## - PUBLICATION, DISTRIBUTION, ETC.
Name of publisher, distributor, etc. საბჭოთა მწერალი
260 ## - PUBLICATION, DISTRIBUTION, ETC.
Date of publication, distribution, etc. 1949
300 ## - PHYSICAL DESCRIPTION
Extent 296გვ.21სმ.
653 ## - INDEX TERM--UNCONTROLLED
Uncontrolled term კრებული
942 ## - ADDED ENTRY ELEMENTS (KOHA)
Koha item type წიგნი
ეგზემპლარები
Withdrawn status Lost status Damaged status Not for loan Date acquired Barcode Date last seen Price effective from Koha item type
        2018-12-17 30304 2018-12-17 2018-12-17 წიგნი
        2018-12-17 30305 2018-12-17 2018-12-17 წიგნი
        2018-12-17 30306 2018-12-17 2018-12-17 წიგნი
        2018-12-17 30307 2018-12-17 2018-12-17 წიგნი
        2018-12-17 30308 2018-12-17 2018-12-17 წიგნი